banner koha

Development and standardization of a western blotting test for detection of antibodies against B. abortus (Registro n. 328157)

MARC details
000 -LÍDER
fixed length control field 03951nab a2200349 i 4500
003 - CÓDIGO MARC DA AGÊNCIA CATALOGADORA
Campo de controle BR-BrBNA
005 - DATA E HORA DA ÚLTIMA ATUALIZAÇÃO
Campo de controle 20241017113407.0
008 - CAMPO DE TAMANHO FIXO
fixed length control field 241017b2019 bl.|r|pooa||| 00| 0 eng |
040 ## - FONTE DA CATALOGAÇÃO
Agência catalogadora BR-BrBNA
Idioma da catalogação eng
072 ## - CATEGORIA AGRIS
Código AGRIS L73
Código do objeto 4110
072 ## - CATEGORIA AGRIS
Código AGRIS L70
100 ## - ENTRADA PRINCIPAL - NOME PESSOAL
Nome pessoal Falcão, M.V.D.
100 ## - ENTRADA PRINCIPAL - NOME PESSOAL
Nome pessoal Santana, V.L.A.
100 ## - ENTRADA PRINCIPAL - NOME PESSOAL
Nome pessoal Corrêa, F.N.
100 ## - ENTRADA PRINCIPAL - NOME PESSOAL
Nome pessoal Tenório, J.A. B.
100 ## - ENTRADA PRINCIPAL - NOME PESSOAL
Nome pessoal Mota, R.A.
245 ## - TÍTULO PRINCIPAL
Título principal Development and standardization of a western blotting test for detection of antibodies against B. abortus
500 ## - NOTA GERAL
Nota geral Publicação online; 31 ref.; Summaries (En, Pt)
942 ## - ADDED ENTRY ELEMENTS (KOHA)
Koha item type Analítica
520 ## - NOTA DE RESUMO
Nota de conteúdo <br/><br/>ABSTRACT - Brucellosis is an infectious disease caused by bacteria of the genus Brucella spp. with diagnosis based on use of serological techniques. The present study aimed to develop and standardize a western blotting (WB) test for detection of antibodies against B. abortus. Samples from two groups of cattle were analyzed: group I: 60 serum samples from true positive and true negative vaccinated animals (30 positive samples from infected animals according to rose bengal test (RBT), 2-mercaptoethanol, serum agglutination test (SAT) and complement fixation test (CFT) and 30 RBT negatives samples); group II: 383 field samples (90 positive and 293 CFT negative sera). The most reactive band in the western blotting, which properly identified and separated infected from non – infected had a molecular weight of ≤ 20kDa. The sensitivity, specificity and accuracy of the WB compared to RBT was 93%, 99%, 98%, respectively and k= 0.938. When compared to CFT, the sensitivity, specificity and accuracy of the WB was 97%, 98% and 97%, respectively and k= 0.929. The WB developed and standardized in the present study is a serological test with potential use as a confirmatory test for the diagnosis of bovine brucellosis.<br/><br/><br/>Keywords: brucellosis, immunodiagnosis, proteomics, serology
520 ## - NOTA DE RESUMO
Nota de conteúdo <br/><br/>RESUMO - A brucelose é uma doença infectocontagiosa, causada por bactérias do gênero Brucella spp., com diagnóstico baseado no emprego de técnicas sorológicas. Objetivou-se neste estudo desenvolver e padronizar um teste Western blotting (WB) para detecção de anticorpos contra B. abortus. Foram analisados dois grupos de amostras bovinas: grupo I, com 60 amostras de animais verdadeiros positivos e verdadeiros negativos vacinados (30 amostras positivas de animais infectados e positivos nos testes de antígeno acidificado tamponado (AAT), 2 – mercaptoetanol (2 – ME), soroaglutinação lenta em tubos (SAT) e fixação do complemento e de 30 amostras negativas no AAT); grupo II, com 383 amostras de campo, sendo 90 soropositivas e 293 soronegativas no TFC. O resultado da análise do WB revelou peso molecular ≤20kDa como sendo a área mais reativa e característica para identificação e separação dos animais infectados dos não infectados. A sensibilidade, a especificidade e a acurácia do WB, quando este foi comparado com o AAT, foram, respectivamente, 93%, 99% e 98%, e k= 0,938. Quando comparadas com a TFC, a sensibilidade, a especificidade e a acurácia foram 97%, 98% e 97%, respectivamente, e k= 0,929. O WB padronizado neste estudo mostrou-se um teste sorológico com potencial uso como teste confirmatório no diagnóstico da brucelose bovina.<br/><br/><br/>Palavras-chave: brucelose, imunodiagnóstico, proteômica, sorologia
650 ## - ASSUNTO - THESAGRO
Cabeçalho tópico ou nome geográfico BOVINO
650 ## - ASSUNTO - THESAGRO
Cabeçalho tópico ou nome geográfico DOENÇA ANIMAL
650 ## - ASSUNTO - THESAGRO
Cabeçalho tópico ou nome geográfico BRUCELOSE
650 ## - ASSUNTO - THESAGRO
Cabeçalho tópico ou nome geográfico BACTÉRIA
650 ## - ASSUNTO - THESAGRO
Cabeçalho tópico ou nome geográfico SOROLOGIA
650 ## - ASSUNTO - THESAGRO
Cabeçalho tópico ou nome geográfico ANTICORPO
650 ## - ASSUNTO - THESAGRO
Cabeçalho tópico ou nome geográfico VETERINÁRIA
773 0# - ENTRADA ANALÍTICA
Host Biblionumber 1643
Registro do item 345321
Imprenta Belo Horizonte-MG Universidade Federal de Minas Gerais - Escola de Veterinaria 1983
Outro identificador 2024-5846
Título Arquivo Brasileiro de Medicina Veterinária e Zootecnia (Brazil)
ISSN 0102-0935
Colação v. 71(1) p. 160-166; (2019)
Número de controle de registro BR2024002903
856 ## - ACESSO E ENDEREÇO ELETRÔNICO
Identificador uniforme de recurso - URI https://www.scielo.br/j/abmvz/a/jnBksqD36ZWknrdm8LNJF4R/?format=pdf&lang=en

Nenhum exemplar disponível.

BINAGRI

Telefone: (61)3218-2567/2388/3357/2097 - binagri@agro.gov.br

Ministério da Agricultura e Pecuária , Esplanada dos Ministérios, Bloco D, Anexo B, Brasília/DF, CEP: 70.043-900